Library of the University of Algiers 3
Ibrahim Sultan Cheibout
شعار جامعة الجزائر 3
مكتبة جامعة الجزائر 3
إبراهيم سلطان شيبوط

دراسات الجدوى التجارية والإقتصادية و الاجتماعية مع مشروعات BOT / (رقم التسجيلة. 45378)

تفاصيل مارك
000 -LEADER
fixed length control field 01572nam a2200241Ia 4500
003 - CONTROL NUMBER IDENTIFIER
control field Ost
005 - DATE AND TIME OF LATEST TRANSACTION
control field 20260507075640.0
008 - FIXED-LENGTH DATA ELEMENTS--GENERAL INFORMATION
fixed length control field 260507s9999||||xx |||||||||||||| ||und||
020 ## - INTERNATIONAL STANDARD BOOK NUMBER
International Standard Book Number 9775433320
040 ## - CATALOGING SOURCE
Transcribing agency fsecg
041 ## - LANGUAGE CODE
Language code of text/sound track or separate title ara
082 ## - DEWEY DECIMAL CLASSIFICATION NUMBER
Classification number 338.7
100 ## - MAIN ENTRY--PERSONAL NAME
Personal name عطية، عبد القادر محمد عبد القادر
Relator term مؤلف
245 #0 - TITLE STATEMENT
Title دراسات الجدوى التجارية والإقتصادية و الاجتماعية مع مشروعات BOT /
Statement of responsibility, etc. عبد القادر محمد عبد القادر عطية
250 ## - EDITION STATEMENT
Edition statement طبعة 2
260 ## - PUBLICATION, DISTRIBUTION, ETC.
Place of publication, distribution, etc. الاسكندرية:
Name of publisher, distributor, etc. الدار الجامعية,
Date of publication, distribution, etc. 2000-2001
300 ## - PHYSICAL DESCRIPTION
Extent 830 صفحة؛
Other physical details إيضاحات ؛
Dimensions 24 سم
504 ## - BIBLIOGRAPHY, ETC. NOTE
Bibliography, etc. note المراجع ص.825
520 ## - SUMMARY, ETC.
Summary, etc. دراسات الجدوى التجارية للمشروع:التعريف بدراسات الجدوى،دراسة السوق،التحليل الجدي لمقارنة المشروعات مانعة التبادل،الجدوى التجارية، تقويم المشروعاتالمستقلة،التقويم القتصادي-دراسة الجدوى الاقتصادية،الجدوى الاقتصاديةو اثر التضخم،كيفية تصحيح لاسعار السوقية،اسعار الظل لعناصر الانتاج،تقويم المشروعات في ظل عدم التأكد -تحليل الجدوى الاجتماعية،تحليل الاثار التنموية للمشروع،نموذج تطبيقي للمشروع
653 ## - INDEX TERM--UNCONTROLLED
Uncontrolled term المشاريع
653 ## - INDEX TERM--UNCONTROLLED
Uncontrolled term دراسة الجدوى
942 ## - ADDED ENTRY ELEMENTS (KOHA)
Koha item type كتب
المقتنيات
Withdrawn status Lost status Source of classification or shelving scheme Damaged status Not for loan Home library Current library Date acquired Serial enumeration / chronology Inventory number Total checkouts Full call number Barcode Date last seen Price effective from Koha item type
    Dewey Decimal Classification   NOT LOAN / إعارة داخلية مكتبة كلية العلوم الإقتصادية والعلوم التجارية وعلوم التسيير مكتبة كلية العلوم الإقتصادية والعلوم التجارية وعلوم التسيير 07/05/2026 الطابق الأرضي 874/1   أ/874ن1 874/1 07/05/2026 07/05/2026 كتب
    Dewey Decimal Classification   Available مكتبة كلية العلوم الإقتصادية والعلوم التجارية وعلوم التسيير مكتبة كلية العلوم الإقتصادية والعلوم التجارية وعلوم التسيير 07/05/2026 الطابق الأرضي 874/2   أ/874ن2 874/2 07/05/2026 07/05/2026 كتب
    Dewey Decimal Classification   Available مكتبة كلية العلوم الإقتصادية والعلوم التجارية وعلوم التسيير مكتبة كلية العلوم الإقتصادية والعلوم التجارية وعلوم التسيير 07/05/2026 الطابق الثاني 874/3   أ/874ن3 874/3 07/05/2026 07/05/2026 كتب

موارد الويب المفتوحة


© University of Algiers 3 All Rights Reserved
|
Implemented by LECHELAH Riad